Vista normal
Vista MARC
Entrada Nombre corporativo
Número de registros utilizados en: 16
001 - NÚMERO DE CONTROL
- Campo de control: 2034
003 - IDENTIFICADOR DE NÚMERO DE CONTROL
- Campo de control: ES-MaCES
005 - FECHA Y HORA DE LA ULTIMA MODIFICACION
- Campo de control: 19981123180200.0
008 - ELEMENTOS DE DATOS DE LONGITUD FIJA
- Campo de longitud fija: 981123 | azznnaabn || ana d
035 ## - NÚMERO DE CONTROL DEL SISTEMA
- Número de control del sistema: CES19980017840e
040 ## - FUENTE DE LA CATALOGACIÓN
- Agencia original de catalogación: ES-MaCES
- Idioma de catalogación: spa
- Agencia de transcripción: ES-MaCES
110 2# - ENCABEZAMIENTO--NOMBRE CORPORATIVO
- Nombre corporativo o de jurisdicción como elemento de entrada: Comisión de las Comunidades Europeas
- Unidad subordinada: Dirección General de Educación, Formación y Juventud
410 2# - TRAZADO VEÁSE--NOMBRE CORPORATIVO
- Nombre corporativo o de jurisdicción como elemento de entrada: Education Training Youth
901 ## - CES. DATOS SIRTEX
- ID Sirtex (N5N8): 0001800001784
- 005BIS Sirtex: 199811231802MIG

